Agriculture Mechanics Fundamentals And Applications (Record no. 3866)

MARC details
000 -LEADER
fixed length control field 00440nam a22001577a 4500
008 - FIXED-LENGTH DATA ELEMENTS--GENERAL INFORMATION
fixed length control field 250617b |||||||| |||| 00| 0 eng d
020 ## - INTERNATIONAL STANDARD BOOK NUMBER
ISBN 9789353503031
100 ## - MAIN ENTRY--AUTHOR
Author Herren V. Ray
245 ## - TITLE STATEMENT
Title Agriculture Mechanics Fundamentals And Applications
250 ## - EDITION STATEMENT
Edition statement 7th
260 ## - PUBLICATION, DISTRIBUTION, ETC. (IMPRINT)
Place of publication India
Name of publisher Cengage Learning India Private Limited
Date of publication 2020
300 ## - COLLATION
Pagination 862p
650 ## - TRACINGS
Main Subject Agricultural Mechanics
942 ## - ADDED ENTRY ELEMENTS (KOHA)
Item type Books
050 ## - LIBRARY OF CONGRESS CALL NUMBER
Classification number S 675.3
Item number .H 47
Holdings
Source of classification or shelving scheme Not for loan Permanent location Current location Date acquired Accession No. Full call number Barcode. Koha item type
Library of Congress Classification   Samuel Ogbemudia Main Library, University of Abuja Samuel Ogbemudia Main Library, University of Abuja 06/17/2025 2023/61868 S 675.3 .H 47 2025-2548 Books